000 00333nam a2200157Ia 4500
100 _aNicopolitidis/P
650 _aWireless networks
942 _cBK
366 _f25
245 _aWireless Networks
260 _bWiley India
_c2003
082 _a621.3192
_bNIC
300 _a405
546 _aENGLISH
_celectronics
999 _c20903
_d20903